000 00775nam a22002297a 4500
999 _c11678
_d11678
003 AR-CdUCM
008 190404b ||||| |||| 00| 0 spa d
040 _aMUNICIPALIDAD PROVINCIAL DEL CUSCO
_cBIBLIOTECA MUNICIPAL DEL CUSCO
082 _a330.985 /
_bC / R364 /
100 _aReinaga, César Augusto
_91406
245 _aLa fisonomía económica del Perú /
260 _aCuzco :
_bGarcilaso,
_c1957.
300 _a184 páginas ;
_c24 cm.
505 _aContenido: El agrarismo -- El industrialismo -- La renta Nacional -- La Concentración ...
650 _aAgricultura y Estado
_94586
650 _aRenta
_929158
650 _aPerú
_935
650 _aIndustria
_94386
650 _aCondiciones económicas.
_91989
942 _2ddc
_cLIBROS
945 _acmm
_d2019-04-04